Freguesias de Vila Nova de Famalicão - Statistics

Estatísticas Gerais
  • Esse quiz foi jogado 198 vezes
  • A pontuação média é 31 de 49
Estatísticas das Respostas
Resposta % Correto
Vila Nova de Famalicão
92%
Joane
88%
Ribeirão
84%
Calendário
82%
Nine
76%
Oliveira (Santa Maria)
73%
Oliveira (São Mateus)
73%
Riba de Ave
73%
Seide (São Miguel)
73%
Seide (Sâo Paio)
73%
Antas
71%
Delães
69%
Lousado
69%
Vermoim
69%
Mouquim
67%
Pousada de Saramagos
67%
Bente
65%
Cavalões
65%
Fradelos
65%
Gavião
65%
Louro
65%
Avidos
63%
Brufe
63%
Cruz
63%
Gondifelos
63%
Lagoa
63%
Pedome
63%
Abade de Vermoim
61%
Arnoso (Santa Eulália)
61%
Arnoso (Santa Maria)
61%
Carreira
61%
Vale (São Cosme)
61%
Vale (São Martinho)
61%
Outiz
59%
Vilarinho das Cambas
59%
Cabeçudos
57%
Mogege
57%
Ruivães
57%
Bairro
55%
Castelões
55%
Esmeriz
55%
Landim
55%
Requião
55%
Telhado
55%
Lemenhe
49%
Jesufrei
47%
Novais
47%
Portela
47%
Sezures
43%
Nenhum quiz correspondente encontrado
Distribuição das Pontuações
Porcentagem de Pessoas com Cada Pontuação
Percentil de Números Respondidos
Sua Pontuação Histórica
Você não jogou esse quiz